The history of the A. E. F., (Record no. 2070)

000 -LEADER
fixed length control field 00324cam a22000971 4500
008 - FIXED-LENGTH DATA ELEMENTS--GENERAL INFORMATION
fixed length control field 730309s1920 xx 000 0 eng
100 1# - MAIN ENTRY--AUTHOR'S NAME
Author's Name Thomas, Shipley,
Dates associated with a name 1892-
245 14 - TITLE STATEMENT
Title The history of the A. E. F.,
Statement of responsibility, etc. by Shipley Thomas.
260 ## - PUBLICATION, DISTRIBUTION, ETC. (IMPRINT)
Place of publication, distribution, etc. New York,
Name of publisher, distributor, etc. George H. Doran company
Date of publication, distribution, etc. [c1920]
650 #0 - TOPICAL TERM (Tag)
Topical term or geographic name World War, 1914-1918
Geographic subdivision United States.
Holdings
Withdrawn status Lost status Source of classification or shelving scheme Damaged status Koha normalized classification for sorting Not for loan Permanent Location Current Location Date acquired Total Checkouts Full call number Barcode Date last seen Price effective from Koha item type
        G3700 Z999 T4621   Northern Philatelic Library Northern Philatelic Library 10/22/2016   G3700 Z999 T4621 1002407 10/22/2016 10/22/2016 Books

Powered by Koha